Normal view
MARC view
- Portes, Hélène de
Entry Nom personal
001 - NÚMERO DE CONTROL
- campo de control: 168740
003 - IDENTIFICADOR DEL NÚMERO DE CONTROL
- campo de control: ES-BaIT
005 - FECHA Y HORA DE LA ÚLTIMA TRANSACCIÓN
- campo de control: 20260227093210.0
008 - DATOS DE LONGITUD FIJA
- campo de control de longitud fija: 260227|| aca||aabn | a|a d
040 ## - FUENTE DE LA CATALOGACIÓN
- Centro catalogador/agencia de origen: ES-BaIT
100 1# - ENCABEZAMIENTO-NOMBRE DE PERSONA
- Nombre de persona: Portes, Hélène de
- Subdivisión de forma: Textos dramàtics


